000
00326nam a2200145Ia 4500
008
230718s9999 xx 000 0 und d
041
_a
Eng.
082
_a
34405
_b
MAL-P
100
_a
Malik, M.A
245
0
_a
Police Order
260
_a
Pakistan
_b
Irfan Law Book House
_c
2007
300
_a
135
650
_a
Law
999
_c
28417
_d
28417